|
|
|
|
| LEADER |
00991naa a2200205 i 4500 |
| 001 |
acta85860 |
| 005 |
20241207081859.0 |
| 008 |
241207s2024 hu o 100 hun d |
| 040 |
|
|
|a SZTE Egyetemi Kiadványok Repozitórium
|b hun
|
| 041 |
|
|
|a hun
|
| 100 |
1 |
|
|a Kiss Ádám
|
| 245 |
1 |
0 |
|a Hangingerek kategorizálása és identifikálása EEG-vel
|h [elektronikus dokumentum] :
|b [absztrakt] /
|c Kiss Ádám
|
| 260 |
|
|
|a Szegedi Tudományegyetem Móra Ferenc Szakkollégium
|b Szeged
|c 2024
|
| 300 |
|
|
|a 91
|
| 490 |
0 |
|
|a Móra Kárpát-medencei Interdiszciplináris Szakkollégiumi Konferencia
|v 8
|
| 650 |
|
4 |
|a Természettudományok
|
| 650 |
|
4 |
|a Számítás- és információtudomány
|
| 695 |
|
|
|a Elektroenkefalográfia - előadáskivonat, Mesterséges intelligencia - előadáskivonat
|
| 711 |
|
|
|a VIII. Móra Kárpát-medencei Interdiszciplináris Szakkollégiumi Konferencia
|c Szeged
|d 2024. november 22-24.
|
| 856 |
4 |
0 |
|u http://acta.bibl.u-szeged.hu/85860/1/morakonf_2024_091_002.pdf
|z Dokumentum-elérés
|